000 00845nam a2200277Ia 4500
003 OSt
005 20220918163203.0
006 a|||||r|||| 00| 0
007 ta
008 220917b |||||||| |||| 00| 0 eng d
020 _a0 14 044.149 2 (pbk)
024 _a201,092
037 _cTextual
040 _aARTS
_cARTS
_beng
041 _2eng
_aeng
082 _aO13,2C745x, 111K5
100 _aPlautus
_911835
245 0 _aPot of gold and other prisoners
_b The brothers menaechmus, the swaggering soldier pseudolus
260 _aNew York
_bPenguin Books USA
_c1965
300 _a271p
_ccm.
490 _aPenguin classics. FYUP DC-1 ENG
650 _aENGLISH LITERATURE
700 _a Watling E F Tr.
_911836
942 _hO13,2C745x, 111K5
_cTEXL
_2CC
999 _c118288
_d118288